000 00561nam a2200157 4500
001 139643
003 ES-MaACL
007 t|
008 070214s1936 sp r ||||1| spa d
100 1 _aScherf, David.
_9104312
245 1 0 _aDiagnóstico y tratamiento de las enfermedades del corazón y de los vasos /
_cpor el Dr. David Scherf ; traducido de la segunda edición alemana por Francisco Piñero.
260 _aBarcelona :
_bLabor,
_c1936.
300 _a244 p. :
_bil. ;
_c25 cm.
700 1 _aPiñero, Francisco.
_992274
852 _aES-MaACL
_jE-594
_bR.19632
999 _c139643
_d139643